Macromedia dreamweaver MX : Asas pembangunan halaman web :

Bibliographic Details
Main Author: Jamalludin Harun
Other Authors: Zaidatun Tasir
Format: Book
Published: Kuala Lumpur : Venton Publishing , 2002
Subjects:

MARC

LEADER 00000cam a2200000 7i4500
001 0000020708
005 20071102.0
020 |a 9832031893 
040 |a INS 
090 0 0 |a CD 266 
100 1 |a Jamalludin Harun 
245 1 0 |a Macromedia dreamweaver MX :   |b Asas pembangunan halaman web :   |b siri 1   |c Jamalludin Harun, Zaidatun Tasir [  |h sumber elektronik] 
260 |a Kuala Lumpur :   |b Venton Publishing ,   |c 2002 
300 |a 1 cakera komputer optical :   |b wrn. il. ;   |c 4 3/4 in. 
650 0 0 |a Dreamweaver (Computer file) 
650 0 0 |a Web sites   |x Authoring programs 
650 0 0 |a Web sites   |x Design 
700 0 |a Zaidatun Tasir 
999 |a CD00000266   |b CD-ROM   |c Media Collection   |e Default branch 
999 |a CD00000362   |b CD-ROM   |c Media Collection   |e Default branch